Návrh procesu plánovania výroby vo firme Indupol Slovakia, s.r.o., Horné Srnie : Diplomová práca

Salvato in:
Dettagli Bibliografici
Autore principale: Sádecká, Martina (Autore)
Altri autori: Rybanský, Rudolf, 1947- (xxx)
Natura: Manoscritto Libro
Lingua:slovacco
Pubblicazione: Trnava : STU v Bratislave MtF KMK, 2001
Soggetti:
Tags: Aggiungi Tag
Nessun Tag, puoi essere il primo ad aggiungerne!!

MARC

LEADER 00000ntm a22000003a 4500
001 stu85355
005 20160719154825.4
008 040326s2001----xo------------------slo-d
040 |a STU  |b slo 
041 0 |a slo 
044 |a xo 
100 1 |a Sádecká, Martina  |4 aut 
245 1 |a Návrh procesu plánovania výroby vo firme Indupol Slovakia, s.r.o., Horné Srnie :  |b Diplomová práca 
260 |a Trnava :  |b STU v Bratislave MtF KMK,  |c 2001 
300 |a 56 s 
650 7 |a manažment priemyselných podnikov  |2 stusub 
700 1 |a Rybanský, Rudolf,  |d 1947-  |4 xxx  |u M4000  |U MTF Materiálovotechnologická fakulta  |T MTF Ústav priemyselného inžinierstva a manažmentu  |X 1543  |U M4000  |Y 84  |7 A000001543